[Event "Idaho Open"]
[Site "Pocatello, ID"]
[Date "2007.03.31"]
[Round "3.2"]
[White "Roland, Jeffrey T"]
[Black "Morrow, Hans M"]
[Result "1-0"]
[WhiteElo "1718"]
[BlackElo "1936"]

1. e4 c5 2. Nc3 Nc6 3. g3 d6 4. Bg2 Nf6 5. f4 g6 6. Nf3 Bg4 7. O-O Bg7 8. d3
Rb8 9. Be3 Nd4 10. Ne2 Nd7 11. c3 Nxe2+ 12. Qxe2 O-O 13. h3 Bxf3 14. Rxf3 b5
15. d4 cxd4 16. cxd4 a6 17. Kh2 Rc8 18. Bf2 e5 19. dxe5 dxe5 20. Rd1 Qe7 21.
Rfd3 Rfd8 22. Qd2 exf4 23. gxf4 Bh6 24. Kg3 Qf6 25. Rd6 Qe7 26. Rxd7 Rxd7 27.
Qxd7 Qf8 28. Bb6 Rc2 29. Qg4 Qe7 30. Bd4 Rxg2+ 31. Kxg2 Qxe4+ 32. Qf3 Qc2+ 33.
Kg3 Qc7 34. Qa8+ Bf8 35. Be5 Qc5 36. Qe4 h5 37. Bd4 h4+ 38. Kg2 Qh5 39. Qe5
Qh7 40. Bc5 {(time)} {#r} 1-0

[Event "Idaho Open"]
[Site "Pocatello, ID"]
[Date "2007.04.01"]
[Round "4.2"]
[White "Zumbrunnen, Randy D"]
[Black "Roland, Jeffrey T"]
[Result "1-0"]
[WhiteElo "2010"]
[BlackElo "1718"]

1. Nc3 e6 2. e4 d5 3. d4 dxe4 4. Nxe4 Nd7 5. Nf3 Ngf6 6. Bd3 Nxe4 7. Bxe4 Nf6
8. Bd3 Be7 9. O-O O-O 10. c4 c5 11. dxc5 Bxc5 12. Bg5 Be7 13. Qe2 h6 14. Bf4
Bd7 15. Rad1 Qb6 16. Ne5 Bc6 17. Nxc6 Qxc6 18. Be5 Rad8 19. b3 Rd7 20. c5 a6
21. b4 Rfd8 22. Bc2 Rxd1 23. Rxd1 Rxd1+ 24. Qxd1 g6 25. f3 Qd5 26. Qd4 Qxd4+
27. Bxd4 Nd5 28. a3 Bf6 29. Bxf6 Nxf6 30. Be4 Nxe4 31. fxe4 Kf8 32. a4 Ke7 33.
b5 axb5 34. axb5 e5 35. Kf2 f5 36. h4 Ke6 37. h5 {#r} 1-0

[Event "SIO"]
[Site "Jackpot, NV"]
[Date "2007.11.10"]
[Round "1.5"]
[White "Pemsler, Carmen"]
[Black "Roland, Jeffrey T"]
[Result "0-1"]
[WhiteElo "230"]
[BlackElo "1739"]

1. c4 Nf6 2. Nc3 g6 3. e3 b6 4. Rb1 Bb7 5. Bd3 Bxg2 6. Nge2 Bxh1 7. Ng3 Bb7 8.
Qe2 Bg7 9. b3 d5 10. Nf1 d4 11. Nb5 Be4 12. Ng3 Bxd3 13. Qxd3 c5 14. exd4 a6
15. Na3 Nc6 16. Ne2 Nxd4 17. Nxd4 Qxd4 18. Qe2 O-O 19. Bb2 Qh4 20. Kd1 Qxh2
21. Kc2 Qf4 22. Rf1 Qe4+ 23. Qd3 Qxd3+ 24. Kxd3 Rad8+ 25. Kc2 Ne4 26. Bc1 Bd4
27. Re1 Nxf2 28. Rd1 Nxd1 29. Kxd1 Rd6 30. Nc2 Rfd8 31. Ba3 Bc3 32. Bc1 Bxd2
33. Bxd2 Rxd2+ 34. Ke1 Rxc2 35. a4 Rdd2 36. a5 Rh2 37. Kd1 Ra2 38. Kc1 Ra1#
0-1

[Event "SIO"]
[Site "Jackpot, NV"]
[Date "2007.11.10"]
[Round "2.1"]
[White "Roland, Jeffrey T"]
[Black "Morrow, Hans M"]
[Result "1-0"]
[WhiteElo "1739"]
[BlackElo "1900"]

1. e4 e5 2. Nf3 Nc6 3. Bb5 Nf6 4. O-O a6 5. Bxc6 dxc6 6. Nxe5 Qd4 7. Nf3 Qb6
8. d4 Bg4 9. c3 Be7 10. Nbd2 O-O 11. e5 Nd7 12. h3 Bh5 13. Qb3 Qxb3 14. axb3
f5 15. exf6 Nxf6 16. Ne5 Bd6 17. Ndc4 c5 18. Nxd6 cxd6 19. Nc4 cxd4 20. cxd4
d5 21. Nd6 b5 22. Be3 Ne4 23. Nxe4 dxe4 24. Rfc1 Bf7 25. Rc6 a5 26. Rc5 Bxb3
27. Rxb5 a4 28. Rc1 Rfc8 29. Rbc5 Rxc5 30. Rxc5 h6 31. Bd2 Ra7 32. g4 Rd7 33.
Bc3 Rf7 34. Re5 Bc2 35. d5 Rd7 36. Bb4 g6 37. d6 Kf7 {(Black offers a draw)}
38. Rc5 Bb3 39. g5 hxg5 40. Rxg5 Kf6 41. Rg3 Kf5 42. h4 Bf7 43. Rg5+ Kf4 44.
Kg2 Be6 45. Bd2+ e3 46. Bxe3+ Ke4 47. Rxg6 Rxd6 48. Kg3 Rc6 49. h5 Kf5 50. Rg4
Rc4 51. Rg5+ Kf6 52. h6 Bf5 53. Rg8 Kf7 54. Rg5 Bg6 55. Ra5 Bc2 56. Ra7+ Kg8
57. Bg5 Be4 58. Rg7+ Kh8 59. Bf6 Rc6 60. Rg4+ Rxf6 61. Rxe4 Ra6 62. f4 Kh7 63.
f5 Kxh6 64. Re6+ Rxe6 65. fxe6 Kg6 66. Kf4 Kf6 67. Ke4 Kxe6 68. Kd4 Kd6
{(After the game Luke Harmon correctly pointed out that 68...a3! or 69...a3!
draws!! In the "heat of battle" the players were under extreme time pressure
at this point, each having less than 2 minutes for the game...so it is
understandable that this fine (but important) point was missed by the players
at the board. --Roland)} 69. Kc4 Kc6 70. Kb4 Kb6 71. Kxa4 Ka7 72. Kb5 Kb7 73.
b3 Ka7 74. Kc6 Kb8 75. Kb6 Ka8 76. b4 Kb8 77. b5 Ka8 78. Kc7 Ka7 79. b6+ Ka8
80. b7+ Ka7 81. b8=Q+ {#r} 1-0

[Event "SIO"]
[Site "Jackpot, NV"]
[Date "2007.11.11"]
[Round "4.1"]
[White "Zumbrunnen, Randy D"]
[Black "Roland, Jeffrey T"]
[Result "1-0"]
[WhiteElo "2000"]
[BlackElo "1739"]

1. e4 e5 2. Nf3 Nc6 3. Bb5 a6 4. Ba4 Nf6 5. d3 d6 6. Bxc6+ bxc6 7. c4 Be7 8.
h3 c5 9. O-O Bd7 10. Nc3 O-O 11. Nh2 Ne8 12. f4 exf4 13. Bxf4 Bf6 14. Rc1 Rb8
15. b3 Bxc3 16. Rxc3 Qf6 17. Rc2 Qg6 18. Kh1 Qe6 19. Nf3 f6 20. Qe1 g5 21. Bc1
h6 22. d4 f5 23. Re2 f4 24. e5 d5 25. Qa5 dxc4 26. Qxc5 cxb3 27. Ba3 Nf6 28.
d5 Nxd5 29. Nd4 Qf7 30. e6 Bxe6 31. Nxe6 Rfe8 32. Qxd5 Rxe6 33. Rxe6 {#r} 1-0

[Event "SIO"]
[Site "Jackpot, NV"]
[Date "2007.11.11"]
[Round "5.2"]
[White "Harmon-Vellotti, Luke"]
[Black "Roland, Jeffrey T"]
[Result "1/2-1/2"]
[WhiteElo "1685"]
[BlackElo "1739"]

1. e4 e6 2. d4 d5 3. Nc3 dxe4 4. Nxe4 Nd7 5. Nf3 Ngf6 6. Bd3 Nxe4 7. Bxe4 Nf6
8. Bd3 c5 9. O-O cxd4 10. Nxd4 Be7 11. Re1 O-O 12. c3 Bd7 13. Bc2 Qc7 14. Bg5
h6 15. Bh4 Rad8 16. Qd3 g6 17. h3 Be8 18. Qf3 Nd5 19. Bxe7 Qxe7 20. Bb3 Bc6
21. Nxc6 bxc6 22. Rad1 Qg5 23. Kh1 Nf4 24. g3 Nd5 25. h4 Qf5 {(Black offers a
draw) } 26. Qxf5 gxf5 27. Rd4 Nf6 28. Red1 Rxd4 29. Rxd4 Rb8 30. Ra4 Rb7 31.
Ra6 Ne4 32. Kg2 Nc5 33. Rxc6 Nxb3 34. axb3 Rxb3 35. Ra6 Rxb2 36. Rxa7 Rc2
{(Black offers a draw)} 37. Rc7 Kg7 38. Kf3 h5 39. Rc8 e5 40. Rc6 e4+ 41. Ke3
f6 42. Rc7+ Kg6 43. Rc5 Ra2 44. Rc7 Rc2 45. Rc5 {(White offers a draw)} {#d}
1/2-1/2

[Event "Idaho Open (Open)"]
[Site "Pocatello, ID"]
[Date "2008.04.05"]
[Round "1.5"]
[White "Owen, Gary"]
[Black "Roland, Jeffrey T"]
[Result "1/2-1/2"]
[WhiteElo "1511"]
[BlackElo "1772"]

1. e4 e6 2. d4 d5 3. Nc3 dxe4 4. Nxe4 Nd7 5. Nf3 Ngf6 6. Bd3 Nxe4 7. Bxe4 Nf6
8. Bg5 Be7 9. Bd3 O-O 10. O-O h6 11. Bh4 c5 12. c3 cxd4 13. cxd4 Nd5 14. Bxe7
Qxe7 15. a3 a6 16. Qc2 Bd7 17. Rac1 Rac8 18. Qb3 Nf4 19. Rfe1 Bc6 20. Be4 Bxe4
21. Rxc8 Rxc8 22. Rxe4 Rc1+ 23. Re1 Rxe1+ 24. Nxe1 Ne2+ 25. Kf1 Nxd4 26. Qc4
Qd7 27. Qd3 Qb5 28. Qxb5 Nxb5 29. Ke2 Kf8 30. Kd3 Ke7 31. Kc4 b6 32. Nf3 Nd6+
33. Kd4 f6 34. a4 Nf5+ 35. Ke4 Kd6 36. Nd4 Nxd4 37. Kxd4 f5 38. f4 g5 39. g3
gxf4 40. gxf4 a5 41. h3 h5 42. h4 e5+ 43. fxe5+ Ke6 44. b3 f4 45. Ke4 f3 46.
Kxf3 {#d} 1/2-1/2

[Event "Idaho Open (Open)"]
[Site "Pocatello, ID"]
[Date "2008.04.05"]
[Round "2.4"]
[White "Roland, Jeffrey T"]
[Black "Sauer, Gary A"]
[Result "1-0"]
[WhiteElo "1772"]
[BlackElo "1600"]

1. d4 d5 2. c4 e6 3. Nc3 Nf6 4. Bg5 Be7 5. e3 O-O 6. Nf3 b6 7. cxd5 exd5 8.
Bd3 Be6 9. O-O Nbd7 10. Rc1 c5 11. dxc5 Nxc5 12. Bb1 Nce4 13. Nxe4 Nxe4 14.
Bxe7 Qxe7 15. Nd4 Nf6 16. Qe2 Rac8 17. h3 Rc5 18. Nb3 Rxc1 19. Rxc1 Rc8 20.
Rxc8+ Bxc8 21. Qc2 Be6 22. Nd4 Qc5 23. Qd2 Qc8 24. f3 g6 25. Nb5 a6 26. Nc3 b5
27. Qd4 Ne8 28. Ne2 Nd6 29. Kf2 Nf5 30. Bxf5 Bxf5 31. Qxd5 Be6 32. Qd4 Bxa2
33. Nc3 Be6 34. Ne4 Qc2+ 35. Kg3 Qc7+ 36. f4 h5 37. Nf6+ Kf8 38. Qb4+ Qe7 39.
Nh7+ Ke8 40. Qd4 Bc4 41. Qh8+ Kd7 42. Nf8+ Kd6 43. Qd4+ Bd5 44. Nh7 Qe6 45.
Nf6 Kc6 46. e4 Bc4 47. e5 a5 48. Qe4+ Kc5 49. Qe3+ Kb4 50. Qa3# 1-0

[Event "Idaho Open (Open)"]
[Site "Pocatello, ID"]
[Date "2008.04.05"]
[Round "3.1"]
[White "Chen, Tony X"]
[Black "Roland, Jeffrey T"]
[Result "1-0"]
[WhiteElo "1934"]
[BlackElo "1772"]

1. f4 Nf6 2. Nf3 g6 3. e3 Bg7 4. d4 O-O 5. Bd3 d5 6. c3 Nbd7 7. O-O Ne4 8.
Nbd2 f5 9. Ne5 Nxe5 10. fxe5 Nxd2 11. Bxd2 e6 12. Qf3 c6 13. Be1 Bd7 14. Qf4
g5 15. Qf3 Be8 16. Bd2 Bg6 17. Rac1 b5 18. b3 Qe7 19. Qe2 Qe8 20. c4 Bh5 21.
Qe1 bxc4 22. bxc4 h6 23. cxd5 cxd5 24. Bb4 Rf7 25. Bc5 Bf8 26. Qa5 Rc8 27.
Bxa7 Ra8 28. Rc7 Rxc7 29. Qxc7 Qa4 30. Bc5 Qxa2 31. Qc6 Bf7 32. g4 Bxc5 33.
dxc5 Rb8 34. Rf2 Qa1+ 35. Kg2 Qxe5 36. gxf5 exf5 37. Bxf5 Qxe3 38. Qxh6 {#r}
1-0

[Event "Idaho Open (Open)"]
[Site "Pocatello, ID"]
[Date "2008.04.06"]
[Round "5.3"]
[White "Roland, Jeffrey T"]
[Black "Kircher, Caleb Paul"]
[Result "1-0"]
[WhiteElo "1772"]
[BlackElo "1447"]

1. d4 d5 2. c4 e6 3. Nc3 Nf6 4. Bg5 c6 5. e3 Be7 6. Nf3 O-O 7. Rc1 b6 8. cxd5
exd5 9. Ne5 Bb7 10. f4 h6 11. Bh4 Nfd7 12. Bxe7 Qxe7 13. Qf3 Nxe5 14. fxe5 Nd7
15. Bd3 Rfe8 16. O-O Nf8 17. e4 Ne6 18. exd5 cxd5 19. Nb5 Rf8 20. Qf5 g6 21.
Qf2 Ba6 22. Rc3 Bxb5 23. Bxb5 Rac8 24. Rg3 Qh4 25. Rxg6+ fxg6 26. Qxh4 {#r}
1-0

[Event "Tri-State M (ID, WY, MT)"]
[Site "Jackson, WY"]
[Date "2008.05.03"]
[Round "1.2"]
[White "Roland, Jeffrey T"]
[Black "Walker Jr., Brian L"]
[Result "1/2-1/2"]
[WhiteElo "1780"]
[BlackElo "1620"]

1. d4 e6 2. c4 c5 3. d5 d6 4. Nc3 Nf6 5. e4 Bd7 6. Nf3 a6 7. Be2 b5 8. cxb5
axb5 9. Bxb5 Bxb5 10. Nxb5 Nxe4 11. O-O Nf6 12. dxe6 fxe6 13. Re1 Qd7 14.
Rxe6+ Kf7 15. Qb3 c4 16. Ng5+ Kg8 17. Qxc4 d5 18. Qc7 h6 19. Qxd7 Nbxd7 20.
Nf3 Rc8 21. a4 Nc5 22. Re3 Nxa4 23. b3 Nc5 24. h3 Nce4 25. Nfd4 Bc5 26. Bb2
Kh7 27. g3 Nd2 28. f3 Rhe8 29. Rd3 Re2 30. Kh1 Rf2 31. Rd1 Nxf3 32. Nxf3 Rxb2
33. Nbd4 {#d} 1/2-1/2

[Event "Tri-State M (ID, WY, MT)"]
[Site "Jackson, WY"]
[Date "2008.05.03"]
[Round "2.2"]
[White "Roland, Jeffrey T"]
[Black "McLaughlin, Edward J"]
[Result "1-0"]
[WhiteElo "1780"]
[BlackElo "1711"]

1. d4 Nf6 2. Nf3 g6 3. c4 d5 4. g3 Bg7 5. Bg2 O-O 6. cxd5 Nxd5 7. e4 Nf6 8.
Nc3 Bg4 9. Be3 c6 10. O-O Qc8 11. Rc1 Na6 12. e5 Ne8 13. Qb3 Nac7 14. Ng5 Be6
15. Nxe6 Nxe6 16. f4 N8c7 17. d5 Nd8 18. Rfd1 b6 19. dxc6 Qe6 20. Nd5 Rc8 21.
Qa3 Re8 22. Qxa7 Nxd5 23. Bxd5 Nxc6 24. Qxb6 {#r} 1-0

[Event "Tri-State M (ID, WY, MT)"]
[Site "Jackson, WY"]
[Date "2008.05.04"]
[Round "4.2"]
[White "Walker Jr., Brian L"]
[Black "Roland, Jeffrey T"]
[Result "1/2-1/2"]
[WhiteElo "1620"]
[BlackElo "1780"]

1. e4 e6 2. Nc3 d5 3. d4 dxe4 4. Nxe4 Nd7 5. Bb5 c6 6. Bd3 Ngf6 7. Bf4 Qb6 8.
Nd6+ Bxd6 9. Bxd6 Qxd4 10. Ba3 Ne5 11. Be2 Qxd1+ 12. Rxd1 Bd7 13. Bd6 Ng6 14.
Nf3 O-O-O 15. Ne5 Be8 16. Nxg6 hxg6 17. Bf3 Nd5 18. Bc5 b6 19. Bd4 f6 20. c4
Ne7 21. b4 e5 22. Be3 Bf7 23. Rc1 Rh4 24. g4 Rdh8 25. a4 Kc7 26. c5 Bd5 27.
Bxd5 Nxd5 28. b5 Nxe3 29. cxb6+ axb6 30. Rxc6+ Kb7 31. fxe3 Rxg4 32. Re6 Rxa4
33. Kf2 Rc4 34. Rd1 Rxh2+ 35. Kg3 Rh7 36. Rdd6 Rc7 37. Rxb6+ Kc8 38. Ra6 Rb7
39. Rac6+ Rc7 40. Ra6 {#d} 1/2-1/2

[Event "Tri-State M (ID, WY, MT)"]
[Site "Jackson, WY"]
[Date "2008.05.04"]
[Round "5.2"]
[White "Skovron, James J"]
[Black "Roland, Jeffrey T"]
[Result "1/2-1/2"]
[WhiteElo "1784"]
[BlackElo "1780"]

1. d4 Nf6 2. Bg5 e6 3. Nd2 Be7 4. e4 d5 5. e5 Nfd7 6. Bxe7 Qxe7 7. Bd3 c5 8.
Ngf3 Nc6 9. O-O cxd4 10. Re1 O-O 11. Nb3 Qb4 12. a3 Qb6 13. Qd2 Qd8 14. Nbxd4
h6 15. g4 Nxd4 16. Nxd4 Nb6 17. b3 Bd7 18. f4 f6 19. exf6 Qxf6 20. Ne2 Qh4 21.
Qe3 Qxg4+ 22. Qg3 Qxg3+ 23. hxg3 {#d} 1/2-1/2

[Event "Idaho Open (Open)"]
[Site "Pocatello, ID"]
[Date "2009.04.04"]
[Round "1.4"]
[White "Abderhalden, Richard Robert"]
[Black "Roland, Jeffrey T"]
[Result "0-1"]
[WhiteElo "1425"]
[BlackElo "1782"]

1. e4 e5 2. Nf3 Nc6 3. c3 d5 4. Bb5 dxe4 5. Nxe5 Qd5 6. Bxc6+ bxc6 7. Ng4 Ba6
8. Ne3 Qd3 9. b3 g6 10. c4 Bg7 11. Nc3 Bxc3 12. dxc3 Qxc3+ 13. Bd2 Qd3 14. Qe2
Rd8 15. Rd1 f5 16. Bb4 Qxe2+ 17. Kxe2 Nf6 18. Bc3 Kf7 19. g4 Rhe8 20. gxf5 Nd5
21. fxg6+ hxg6 22. Bd4 Nf4+ 23. Kf1 Nd3 24. Bc3 Bc8 25. Kg2 Nf4+ 26. Kf1 Bh3+
27. Ke1 Nd3+ 28. Ke2 Ke7 29. Rhg1 Rf8 30. Ng4 Nf4+ 31. Ke1 Rxd1+ 32. Kxd1 Ke6
33. Ne5 Rd8+ 34. Kc2 Bf5 35. Nxc6 e3+ 36. Kb2 Nd3+ 37. Ka3 Rd6 38. Nd4+ Kf7
39. Nxf5 Ra6+ {#R} 0-1

[Event "Idaho Open (Open)"]
[Site "Pocatello, ID"]
[Date "2009.04.05"]
[Round "4.3"]
[White "Roland, Jeffrey T"]
[Black "Abderhalden, Katherine Louise"]
[Result "1-0"]
[WhiteElo "1782"]
[BlackElo "1534"]

1. d4 f5 2. g3 Nf6 3. c4 g6 4. Nc3 Bg7 5. Bg2 O-O 6. Nh3 d6 7. Nf4 c6 8. e4
Qb6 9. exf5 Bxf5 10. d5 Nbd7 11. O-O Nc5 12. Re1 Rfe8 13. dxc6 bxc6 14. Na4
Nxa4 15. Qxa4 Rac8 16. Be3 c5 17. b3 Ng4 18. Nd5 Qb8 19. Rad1 Ne5 20. Bg5 Bf8
21. f4 Nc6 22. Nf6+ exf6 23. Rxe8 Rxe8 24. Bxc6 Rc8 25. Bxf6 Bg7 26. Bd5+ Kh8
27. Bxg7+ Kxg7 28. Re1 Qc7 29. Qa3 Rf8 30. Qb2+ Rf6 31. Re8 {#r} 1-0

[Event "Flaming Dragons"]
[Site "Boise, ID"]
[Date "2009.09.19"]
[Round "1"]
[White "Patterson, Kevin R"]
[Black "Roland, Jeffrey T"]
[Result "1/2-1/2"]
[WhiteElo "1158"]
[BlackElo "1787"]

1. e4 e5 2. d4 exd4 3. c3 d6 4. cxd4 Nf6 5. Nc3 Be7 6. Bc4 O-O 7. Nf3 Bg4 8.
O-O c6 9. Re1 Nbd7 10. h3 Bxf3 11. Qxf3 b5 12. Bb3 a5 13. a3 b4 14. e5 bxc3
15. exf6 Bxf6 16. bxc3 Qb6 17. Ba2 Rab8 18. Rb1 Qc7 19. Rxb8 Rxb8 20. Qg3 Nf8
21. Re3 Rd8 22. Rf3 Qe7 23. Re3 Qd7 24. Bb1 Re8 25. Qg4 Qxg4 26. hxg4 Rxe3 27.
Bxe3 Ne6 28. f4 h6 29. Bf5 c5 30. d5 Nc7 31. c4 Bb2 32. a4 Bc3 33. Kf1 f6 34.
Ke2 Kf8 35. g5 hxg5 36. fxg5 Be5 37. g6 Na6 38. Bd2 Ke7 39. Bxa5 {#d} 1/2-1/2

[Event "Flaming Dragons"]
[Site "Boise, ID"]
[Date "2009.09.19"]
[Round "2"]
[White "Roland, Jeffrey T"]
[Black "Almeida, Jeff D"]
[Result "1-0"]
[WhiteElo "1787"]
[BlackElo "1338"]

1. e4 e5 2. Nf3 Nc6 3. Bb5 a6 4. Ba4 b5 5. Bb3 Bb7 6. c3 Nf6 7. d3 Bc5 8. O-O
O-O 9. Bg5 h6 10. Bh4 Qc8 11. Bxf6 gxf6 12. Nh4 d6 13. Qh5 Ne7 14. Ng6 Nxg6
15. Qxg6+ Kh8 16. Qxh6+ Kg8 17. Kh1 Qg4 18. Qxf6 Qg7 19. Qh4 Rad8 20. f4 d5
21. f5 dxe4 22. dxe4 Rd7 23. Rf3 Rfd8 24. Na3 Rd2 25. Rg3 Bf2 26. Rxg7+ Kxg7
27. Qg5+ Kf8 28. f6 Bxe4 29. Qg7+ Ke8 30. Qxf7# 1-0

[Event "Flaming Dragons"]
[Site "Boise, ID"]
[Date "2009.09.19"]
[Round "3"]
[White "Roland, Jeffrey T"]
[Black "Patterson, Emily N"]
[Result "1-0"]
[WhiteElo "1787"]
[BlackElo "1439"]

1. e4 e6 2. d4 d5 3. Nd2 c5 4. exd5 exd5 5. Bb5+ Bd7 6. Qe2+ Qe7 7. Bxd7+ Nxd7
8. c3 Qxe2+ 9. Nxe2 c4 10. Nf3 Ngf6 11. O-O Bd6 12. Bf4 Bxf4 13. Nxf4 O-O-O
14. Rfe1 b5 15. Re7 Rhf8 16. Ng5 Rde8 17. Rxe8+ Rxe8 18. Nxf7 Re7 19. Nd6+ Kd8
20. Nxb5 a6 21. Nd6 g5 22. Nh3 Re2 23. Nxg5 Rxb2 24. f3 Rc2 25. Re1 Rxc3 26.
Ne6+ Ke7 27. Nc8+ Kf7 28. Nf4 Rc2 29. Re7+ Kf8 30. Ne6+ Kg8 31. Rg7+ Kh8 32.
Nd6 Rc1+ 33. Kf2 Rc2+ 34. Ke1 Nh5 35. Nf7# 1-0

[Event "Flaming Dragons"]
[Site "Boise, ID"]
[Date "2009.09.19"]
[Round "4"]
[White "Abderhalden, Katherine Louise"]
[Black "Roland, Jeffrey T"]
[Result "0-1"]
[WhiteElo "1499"]
[BlackElo "1787"]

1. d4 d5 2. Bf4 Nf6 3. Nf3 g6 4. e3 Bg7 5. c4 c6 6. Nc3 O-O 7. Bd3 dxc4 8.
Bxc4 b5 9. Bb3 a6 10. O-O Nbd7 11. Rc1 Bb7 12. Qe2 Qb6 13. Ng5 c5 14. dxc5
Nxc5 15. Bc2 Rfd8 16. b4 Qc6 17. f3 Ne6 18. Nxe6 Qxe6 19. Bb3 Qb6 20. Ne4 Rac8
21. Nc5 Nh5 22. Bg5 Nf6 23. Nxb7 Qxb7 24. e4 h6 25. Be3 Rxc1 26. Rxc1 Ne8 27.
Bf4 e6 28. Qe3 Qd7 {(With somewhere around minute or less on my clock for this
game/ 15, I had no time to think. Instead 28...Bd4 is much better, which I saw
as soon as I played the text move. Next move it is also good, but not AS good.
--Roland)} 29. Rd1 Bd4 30. Rxd4 Qxd4 31. Qxd4 Rxd4 32. Bxh6 Nd6 33. Bf4 Nc4
34. Kf2 e5 35. Bg5 Kg7 36. Be7 f5 37. Bc5 Rd2+ 38. Kf1 f4 39. g3 Rxh2 40. gxf4
exf4 41. Bd4+ Kh6 42. Kg1 Rd2 43. Bc5 Kh5 44. Kf1 Kh4 45. Ke1 Rh2 46. Bf2+ Kh3
47. Kf1 Nd2+ 48. Kg1 Rg2+ 49. Kh1 Rxf2 50. Kg1 Rf1# 0-1

[Event "Casual Game"]
[Site "Boise, ID"]
[Date "2009.10.05"]
[Round "0"]
[White "Roland, Jeffrey T"]
[Black "Pentico, Christopher"]
[Result "1-0"]
[WhiteElo "1782"]
[BlackElo "1459"]

{(Game/30)} 1. d4 Nf6 2. Nf3 g6 3. g3 Bg7 4. Bg2 O-O 5. c4 d5 6. cxd5 Nxd5 7.
O-O c6 8. e4 Nc7 9. Nc3 Bg4 10. Be3 b5 11. a3 a5 12. Qd2 Nba6 13. h3 Bd7 14.
Rac1 b4 15. Ne2 bxa3 16. bxa3 Rb8 17. Qxa5 Rb5 18. Qd2 Ne6 19. Nc3 Rb3 20. d5
Bxc3 21. Rxc3 Rxc3 22. Qxc3 cxd5 23. exd5 Nec7 24. Nd4 Nb5 25. Nxb5 Bxb5 26.
Rd1 Qd7 27. Bh6 {(Black resigned because if he prevents Mate with ...f6, then
28.Bxf8 wins the exchange.--Roland)} {#r} 1-0

[Event "WRW Swiss"]
[Site "Hailey, ID"]
[Date "2009.10.10"]
[Round "1.3"]
[White "Roland, Jeffrey T"]
[Black "Ellis, Chris Joseph Daryl"]
[Result "1-0"]
[WhiteElo "1782"]
[BlackElo "743"]

1. e4 d6 2. d4 e5 3. dxe5 dxe5 4. Qxd8+ Kxd8 5. Nf3 Nc6 6. Bb5 Nd4 7. Nxd4
exd4 8. O-O Bd6 9. Rd1 a6 10. Bc4 Be6 11. Bd3 c5 12. c3 c4 13. Bxc4 Bc5 14.
Be2 Ke7 15. cxd4 Bd6 16. Nc3 f6 17. Be3 g5 18. Rac1 Rc8 19. e5 fxe5 20. Nd5+
Kf7 21. Bh5+ Kg7 22. Rxc8 Bxc8 23. Bxg5 h6 24. Bh4 exd4 25. Rxd4 Be5 26. Rb4
Nf6 27. Bf3 Nxd5 28. Bxd5 Re8 29. f4 Bd6 30. Rc4 b5 31. Rc6 Bxf4 32. Bf6+ Kh7
33. g3 Be3+ 34. Kg2 Bb7 35. Rc7+ Kg6 36. Bxb7 Kxf6 37. Bxa6 Bd2 38. Bxb5 Rb8
39. a4 Kg5 40. h4+ Kg4 41. Rc5 {#r} 1-0

[Event "SIO"]
[Site "Twin Falls, ID"]
[Date "2009.11.14"]
[Round "1.4"]
[White "Roland, Jeffrey T"]
[Black "Uriarte, Andrew"]
[Result "1-0"]
[WhiteElo "1794"]
[BlackElo "1202"]

1. d4 e6 2. c4 b6 3. e4 d5 4. cxd5 exd5 5. Nc3 Bb4 6. Qa4+ c6 7. Qxb4 a5 8.
Qb3 dxe4 9. Bc4 Be6 10. Bxe6 fxe6 11. Qxe6+ Ne7 12. Nxe4 Qc7 13. Nd6+ Kd8 14.
Bf4 Qxd6 15. Qxd6+ Nd7 16. Nf3 Re8 17. Qc7# 1-0

[Event "A Novel Adventure #1"]
[Site "Boise, ID"]
[Date "2010.01.11"]
[Round "2.1"]
[White "Oberle Jr., Stephen"]
[Black "Roland, Jeffrey T"]
[Result "0-1"]
[WhiteElo "1803"]
[BlackElo "1775"]

1. e4 e6 2. Nf3 d5 3. e5 c5 4. d3 Be7 5. g3 Nc6 6. Bg2 f6 7. Qe2 fxe5 8. Nxe5
Nf6 9. f4 O-O 10. Nxc6 bxc6 11. O-O Bd6 12. Nd2 Re8 13. Nf3 e5 14. fxe5 Bg4
15. Qf2 Bxe5 16. Nxe5 Rxe5 17. Qf4 Qe7 18. Bd2 Re8 19. Bf3 Rf5 {#R} 0-1

[Event "A Novel Adventure #1"]
[Site "Boise, ID"]
[Date "2010.01.11"]
[Round "2.2"]
[White "Roland, Jeffrey T"]
[Black "Oberle Jr., Stephen"]
[Result "1-0"]
[WhiteElo "1775"]
[BlackElo "1803"]

1. d4 Nf6 2. c4 e6 3. Nf3 b6 4. g3 Bb7 5. Bg2 Be7 6. O-O O-O 7. Nc3 d6 8. Qc2
Nbd7 9. e4 c5 10. e5 Ne8 11. Rd1 Bxf3 12. Bxf3 Rc8 13. dxc5 Nxc5 14. b4 Na6
15. b5 Nc5 16. exd6 Nxd6 17. Bf4 Qd7 18. Bc6 Rxc6 19. bxc6 Qxc6 20. Bxd6 Bxd6
21. Qe2 Nd7 22. Qd3 Bb4 23. Qxd7 Qxd7 24. Rxd7 Bxc3 25. Rad1 e5 26. Rxa7 f5
27. Rdd7 e4 28. Kf1 g6 29. Rxh7 Rd8 30. Rhd7 Rc8 31. Ke2 Bb4 {#r} 1-0

[Event "A Novel Adventure #1"]
[Site "Boise, ID"]
[Date "2010.01.11"]
[Round "3.1"]
[White "Roland, Jeffrey T"]
[Black "Lang, Jamie"]
[Result "0-1"]
[WhiteElo "1775"]
[BlackElo "1219"]

1. d4 d5 2. c4 c6 3. Nf3 Bg4 4. e3 Nd7 5. cxd5 Qa5+ 6. Nc3 cxd5 7. Bd2 e6 8.
Be2 Bb4 9. O-O Ngf6 10. Ne5 Bxe2 11. Qxe2 O-O 12. f4 Rac8 13. Rfc1 Nxe5 14.
fxe5 Ne4 15. Nxe4 Rxc1+ 16. Bxc1 dxe4 17. a3 Rc8 18. b3 Rc3 19. Bb2 Rxb3 20.
Qc4 Rxb2 21. Rc1 Qxa3 22. Qc8+ Bf8 23. Qd7 Qxe3+ {#R} 0-1

[Event "A Novel Adventure #1"]
[Site "Boise, ID"]
[Date "2010.01.11"]
[Round "3.2"]
[White "Lang, Jamie"]
[Black "Roland, Jeffrey T"]
[Result "0-1"]
[WhiteElo "1219"]
[BlackElo "1775"]

1. e4 e5 2. d4 exd4 3. c3 c5 4. Nf3 Nc6 5. Bc4 Nf6 6. e5 d5 7. exd6 Bxd6 8.
O-O O-O 9. cxd4 cxd4 10. Nxd4 Nxd4 11. Qxd4 Bxh2+ {#R} 0-1

[Event "A Novel Adventure #1"]
[Site "Boise, ID"]
[Date "2010.01.11"]
[Round "4.1"]
[White "Amspacher, Daniel"]
[Black "Roland, Jeffrey T"]
[Result "0-1"]
[WhiteElo "1067"]
[BlackElo "1775"]

1. e4 c5 2. Nf3 d6 3. d3 Nf6 4. Nc3 g6 5. Be2 Bg7 6. O-O O-O 7. Be3 Nc6 8. d4
cxd4 9. Nxd4 a6 10. Nf3 b5 11. Nd4 Bb7 12. Nxc6 Bxc6 13. f3 Qc7 14. Qe1 Rac8
15. Bd3 e6 16. f4 Ng4 17. Bd2 Qb6+ 18. Kh1 Nf2+ 19. Rxf2 Bd4 20. Rf3 f5 21. b3
fxe4 22. Nxe4 Bxa1 23. Qxa1 Bd5 24. Be3 Qc6 25. Nf6+ Rxf6 26. Qxf6 Bxf3 27.
Qxe6+ Kf8 28. Qf6+ Ke8 29. Qg5 Be4 30. Qg3 Bxd3 31. cxd3 Qc1+ 32. Bg1 Rc2 33.
Qe3+ Qxe3 34. Bxe3 Re2 35. Bb6 Rxa2 36. h4 Rb2 37. Kh2 Rxb3 38. g3 Rxd3 39.
Kh3 b4 40. Kg4 b3 41. h5 b2 42. hxg6 hxg6 43. Kg5 b1=Q 44. Kxg6 Qxb6 45. f5
Rxg3+ {#R} 0-1

[Event "A Novel Adventure #1"]
[Site "Boise, ID"]
[Date "2010.01.11"]
[Round "4.2"]
[White "Roland, Jeffrey T"]
[Black "Amspacher, Daniel"]
[Result "1-0"]
[WhiteElo "1775"]
[BlackElo "1067"]

1. e4 e5 2. Nf3 Nc6 3. Bb5 a6 4. Ba4 Nf6 5. O-O Nxe4 6. d4 Qe7 7. Bxc6 bxc6 8.
Re1 Nd6 9. Rxe5 Qxe5 10. dxe5 Nf5 11. g4 Ne7 12. Bg5 d6 13. exd6 cxd6 14. Qxd6
Bxg4 15. Bxe7 Bxe7 16. Qxc6+ {#r} 1-0